| 000 | 01882nam a2200289 a 4500 | ||
|---|---|---|---|
| 001 | 000022400 | ||
| 003 | OSt | ||
| 005 | 20250526114442.0 | ||
| 008 | 101007s2002 dr a 000 0 spa d | ||
| 020 | _a9993488615 | ||
| 040 |
_aDO-SdBNP _bspa _cBNPHU |
||
| 082 |
_a155.937 _bB828c |
||
| 100 | 1 |
_aBrea Franco, Rosa Mariana _946192 |
|
| 245 | 1 | 3 |
_aEl duelo : _bun camino hacia la transformación / _cRosa Mariana Brea Franco ; prólogo Lino Romero. |
| 260 |
_aSanto Domingo : _bEdición Gisela Vargas y Asociados, _c2002. _bil. |
||
| 300 |
_a272 p. ; _c26 cm. |
||
| 500 | _aIncluye datos biográficos de la autora en la solapa de la cubierta. | ||
| 505 | 0 | _aEl significado de las crisis --El proceso de duelo -- El duelo al microscopio -- Teoría que sustenta al duelo -- Factores que influencian al duelo - Factor social -- Diferencias masculinas y femeninas en el duelo - El factor tiempo en el duelo -- Diferentes tipos de muertes -- ¿Quién muere? -- La muerte del conyugue -- La muerte de los padres - La muerte de un hijo -- La muerte de un hermano o hermana - La importancia del funeral - Los niños y el proceso del duelo - El enfermo terminal - Otras pérdidas significativas - La crisis del divorcio -- ¿Como explicarles a los niños de divorcio ?-- La ayuda psicológica -- Conclusión.Factores que influencian al duelo -- Diferentes tipos de muertes -- ¿Quién muere? -- La importancia del funeral -- Los niños y el proceso de duelo -- El enfermo terminal -- Otras perdidas significativas -- La crisis del divorcio -- La ayuda psicológica -- Conclusión. | |
| 590 | _aInventariado, 2018/LP | ||
| 650 | 0 |
_aDuelo _946193 |
|
| 650 | 4 |
_aMuerte _911503 |
|
| 650 | 0 |
_aPérdida (Psicología) _946194 |
|
| 650 | 4 |
_aDivorcio _xAspectos psicológicos _946195 |
|
| 700 | 1 | 2 |
_aRomero, Lino, _epról. _946196 |
| 910 | _aValidado. Control de calidad MFF | ||
| 942 |
_2ddc _cLBS1 |
||
| 999 |
_c21898 _d21898 |
||